000
00284nam a2200133Ia 4500
003
OSt
005
20240319153959.0
008
170523s9999 xx 000 0 und d
020
_a
8125000801
040
_c
IIMT
100
_a
BANSAL- R.K
245
0
_a
SPOKEN ENGLISH
942
_2
ddc
_c
02
999
_c
10055
_d
10055